Catálogo
 En Linea

DIGRES informativo. (Registro nro. 36626)

Detalles MARC
000 -CABECERA
campo de control de longitud fija 00593nas a2200205 4500
001 - NÚMERO DE CONTROL
campo de control 000037136
003 - IDENTIFICADOR DEL NÚMERO DE CONTROL
campo de control DLC
005 - FECHA Y HORA DE LA ÚLTIMA TRANSACCIÓN
campo de control 20240917121445.0
008 - DATOS DE LONGITUD FIJA--INFORMACIÓN GENERAL
campo de control de longitud fija 120216c20119999dr qr1p dd 0 0spa d
040 ## - FUENTE DE LA CATALOGACIÓN
Centro catalogador/agencia de origen DO-SdBNP
Lengua de catalogación spa
Centro/agencia transcriptor BNPHU
Normas de descripción rda
043 ## - CÓDIGO DE ÁREA GEOGRÁFICA
Código de área geográfica nwdr
245 00 - MENCIÓN DE TÍTULO
Título DIGRES informativo.
246 13 - FORMA VARIANTE DE TÍTULO
Título propio/Titulo breve Boletín trimestral
260 ## - PUBLICACIÓN, DISTRIBUCIÓN, ETC.
Lugar de publicación, distribución, etc. Santo Domingo :
Nombre del editor, distribuidor, etc. Ministerio de Salud Pública.
300 ## - DESCRIPCIÓN FÍSICA
Extensión v. :
Otras características físicas il., retrs. ;
Dimensiones 28 cm.
310 ## - PERIODICIDAD ACTUAL
Periodicidad actual Trimestral
362 1# - FECHAS DE PUBLICACIÓN Y/O DESIGNACIÓN SECUENCIAL
Fecha de publicación y/o designación secuencial Año 3. no. 8 (enero 2011)
500 ## - NOTA GENERAL
Nota general Catalogación basada en el ejemplar año 3. no. 8 (enero 2011)
942 ## - ELEMENTOS DE PUNTO DE ACCESO ADICIONAL (KOHA)
Fuente del sistema de clasificación o colocación Dewey Decimal Classification
Tipo de ítem Koha Publicación periódica
Existencias
Estado de retiro Estado de pérdida Especificación de materiales (volumen encuadernado u otra parte) Restricciones de uso No para préstamo Código de colección Localización permanente Ubicación/localización actual Ubicación en estantería Fecha de adquisición Fuente de adquisición Enumeración/cronología de publicación seriada Número de inventario Total de préstamos Signatura topográfica completa Código de barras Fecha visto por última vez Precio válido a partir de Tipo de ítem Koha Nota pública
    Préstamo en sala Préstamo en sala   Hemeroteca Patrimonio Dominicano Patrimonio Dominicano Ordenador y recibido 16.04.2012 4 Año 3. no. 8 (enero 2011) 2012041620120416   no. 8 37136-3-8-1 08.08.2020 08.08.2020 Publicación periódica Edición especial: 25 aniversario

Con tecnología Koha